[Event "AUTO-OPEN-3143"]
[Site "http://www.queenalice.com/game.php?id=1277257"]
[Date "2014.4.29"]
[Round "2"]
[White "jeffeson"]
[Black "Boeing"]
[Result "1-0"]
[WhiteElo "2097"]
[BlackElo "1843"]

1. d4 d5 2. c4 dxc4 3. e3 b5 4. a4 Ba6 5. Qf3 c6 6. axb5 Bxb5 7. b3 Qd5 8. Qxd5
cxd5 9. Na3 Ba6 10. bxc4 dxc4 11. Bxc4 Bxc4 12. Nxc4 Nc6 13. Ba3 Rc8 14. Nd2 e5
15. Bxf8 Kxf8 16. dxe5 Nxe5 17. Ngf3 Nxf3+ 18. Nxf3 Rc7 19. O-O Nf6 20. Rfd1 Ke7
21. Kf1 Ra8 22. Ra6 Rd7 23. Rda1 h6 24. Nd4 Nd5 25. Nc6+ Ke8 26. Rxa7 Raxa7 27.
Rxa7 Rd6 28. Nd4 Nc3 29. Ke1 g6 30. Rc7 Ne4 31. f3 Nf6 32. Ke2 Rb6 33. e4 Rb2+
34. Rc2 Rb1 35. Ke3 h5 36. Kf4 Nh7 37. e5 Rb4 38. Ke3 f5 39. f4 Nf8 40. Rc6 Kf7
41. Rc7+ Ke8 42. Nc6 Rc4 43. Re7# 1-0

[Event "AUTO-OPEN-3143"]
[Site "http://www.queenalice.com/game.php?id=1277260"]
[Date "2014.4.29"]
[Round "2"]
[White "Scharlatan"]
[Black "jeffeson"]
[Result "1/2-1/2"]
[WhiteElo "1974"]
[BlackElo "2096"]

1. d4 Nf6 2. c4 e6 3. Nc3 d5 4. cxd5 exd5 5. Bg5 Be7 6. e3 O-O 7. Bd3 Re8 8. Qc2
Nbd7 9. Nf3 Nf8 10. h3 c6 11. O-O h6 12. Bf4 Bd6 13. Ne5 Be6 14. Bh2 Qe7 15. f4
Rad8 16. g4 Bc8 17. Qg2 N6d7 18. Qg3 f6 19. Nxd7 Bxd7 20. Rae1 Bc8 21. Qf2 Qc7
22. Kh1 a6 23. Ne2 Bb4 24. Nc3 Bd6 25. Ne2 Bb4 26. Nc3 Bd6 1/2-1/2

[Event "AUTO-OPEN-3143"]
[Site "http://www.queenalice.com/game.php?id=1277261"]
[Date "2014.4.29"]
[Round "2"]
[White "jeffeson"]
[Black "Scharlatan"]
[Result "1-0"]
[WhiteElo "2072"]
[BlackElo "1982"]

1. d4 f5 2. c4 Nf6 3. Nc3 g6 4. Bf4 d6 5. e3 Bg7 6. Nf3 O-O 7. Be2 c6 8. d5 c5
9. O-O h6 10. h3 g5 11. Bh2 Ne4 12. Nxe4 fxe4 13. Nd2 Bf5 14. Bg4 Bg6 15. Rb1
Nd7 16. Qc2 Nf6 17. Be6+ Kh8 18. f3 Qe8 19. fxe4 1-0

[Event "Challenge"]
[Site "http://www.queenalice.com/game.php?id=1282341"]
[Date "2014.5.17"]
[Round "-"]
[White "Zugswang"]
[Black "jeffeson"]
[Result "1-0"]
[WhiteElo "2305"]
[BlackElo "2079"]

1. e4 c6 2. d4 d5 3. e5 Bf5 4. h4 h5 5. Bd3 Bxd3 6. Qxd3 e6 7. f4 Nh6 8. Nc3 Nd7
9. Bd2 Nf5 10. Nf3 Be7 11. Ng5 1-0

[Event "Let's Play Chess!"]
[Site "http://www.queenalice.com/game.php?id=1333647"]
[Date "2015.1.8"]
[Round "-"]
[White "dnptrs"]
[Black "jeffeson"]
[Result "1/2-1/2"]
[WhiteElo "2159"]
[BlackElo "2052"]

1. d4 Nf6 2. Nf3 d5 3. c4 e6 4. Nc3 Be7 5. e3 O-O 6. Qc2 c6 7. a3 Re8 8. b4 Nbd7
9. Bb2 Bd6 10. Rb1 dxc4 11. Bxc4 e5 12. O-O exd4 13. exd4 Nb6 14. Be2 Bg4 15. h3
Bh5 16. Rfe1 Nbd5 17. Nxd5 Nxd5 18. Ne5 Bxe2 19. Rxe2 Qg5 20. Bc1 Qh5 21. Nf3 f6
22. Rxe8+ Rxe8 23. Bd2 Re7 24. b5 cxb5 25. Qb3 Qf7 26. Qxb5 g5 27. Qd3 Bf4 28.
Re1 Bxd2 29. Qxd2 Rxe1+ 30. Qxe1 Nf4 31. Qe4 Qd7 32. Ne1 Qxd4 33. Qe8+ Kg7 34.
Qe7+ Kg6 35. Qxb7 h5 36. Qb1+ Kh6 37. Qb4 Kg6 38. Kf1 Qxb4 39. axb4 Kf5 40. Nc2
Ke4 41. Na3 Nd5 42. f3+ Kd3 43. f4 Nxf4 44. Nb5 Kc4 45. Nxa7 Kxb4 46. Kf2 Kc5
47. Kf3 Ng6 48. Ke4 Ne7 49. g3 Kb6 50. Nc8+ Nxc8 51. Kf5 Nd6+ 52. Kxf6 Ne4+
1/2-1/2

[Event "Challenge"]
[Site "http://www.queenalice.com/game.php?id=1333756"]
[Date "2015.1.8"]
[Round "-"]
[White "dnptrs"]
[Black "jeffeson"]
[Result "0-1"]
[WhiteElo "2179"]
[BlackElo "2042"]

1. d4 Nf6 2. Nf3 d5 3. c4 e6 4. Nc3 Be7 5. e3 O-O 6. Qc2 c6 7. a3 Nbd7 8. Rb1
Re8 9. Bd2 Bd6 10. b3 dxc4 11. Bxc4 e5 12. dxe5 Nxe5 13. Nxe5 Rxe5 14. Ne2 Bxa3
15. Bc3 Rg5 16. b4 Bf5 17. Qb3 Bxb1 18. Qxb1 a5 19. h4 Rg4 20. Qb3 axb4 21.
Bxf7+ Kf8 22. f3 bxc3 23. O-O Rb4 0-1

[Event "Challenge"]
[Site "http://www.queenalice.com/game.php?id=1333757"]
[Date "2015.1.8"]
[Round "-"]
[White "jeffeson"]
[Black "dnptrs"]
[Result "0-1"]
[WhiteElo "2056"]
[BlackElo "2150"]

1. d4 Nf6 2. c4 e6 3. Nc3 d5 4. Nf3 Be7 5. Bf4 O-O 6. e3 Nbd7 7. h3 c6 8. Rc1
Re8 9. Qc2 Bb4 10. Be2 Nf8 11. O-O Ng6 12. Bh2 b6 13. a3 Bd6 14. b4 Bb7 15. Bxd6
Qxd6 16. c5 Qe7 17. a4 e5 18. b5 Rec8 19. Qb3 e4 20. Nd2 bxc5 21. dxc5 cxb5 22.
Nxb5 Rxc5 23. Rxc5 Qxc5 24. Nd4 Qc7 25. Rb1 Bc8 26. Qa2 Bd7 27. N2b3 Rc8 28. Rc1
Qd8 29. Bf1 Rxc1 30. Nxc1 Qa5 31. Ncb3 Qxa4 32. Qxa4 Bxa4 33. Nc5 Bd7 34. Ba6
Kf8 35. Kf1 Ke7 36. Ke1 Kd8 37. Kd2 Nh4 38. Bf1 Kc7 39. Kc3 Be8 40. Kb4 Kb6 41.
Na4+ Bxa4 42. Kxa4 g6 43. g3 Nf3 44. Nb5 Ne8 45. Nc3 Kc5 46. Ka5 Nc7 47. Be2 f5
48. Na4+ Kd6 49. Kb4 h5 50. Kc3 d4+ 51. exd4 h4 52. Bxf3 exf3 53. gxh4 Kd5 54.
Kd3 Nb5 55. h5 gxh5 56. Ke3 Nxd4 57. Nb2 a5 58. Kd3 f4 59. Kc3 Ne2+ 60. Kb3 Kd4
61. Kc2 h4 0-1

[Event "AUTO-OPEN-3419"]
[Site "http://www.queenalice.com/game.php?id=1335236"]
[Date "2015.1.17"]
[Round "1"]
[White "Narizinho"]
[Black "jeffeson"]
[Result "0-1"]
[WhiteElo "1335"]
[BlackElo "2077"]

1. e4 c6 2. Nc3 d5 3. exd5 cxd5 4. Nf3 Nf6 5. Bb5+ Bd7 6. O-O Bxb5 7. d3 Bc6 8.
Bg5 d4 9. Ne2 Bxf3 10. gxf3 e6 11. c3 dxc3 12. bxc3 Be7 13. c4 O-O 14. a4 Nc6
15. a5 Bc5 16. Nf4 h6 17. Bh4 g5 18. Bxg5 hxg5 19. Ng2 Nd4 20. a6 b6 21. f4 g4
22. Rb1 Qd6 23. Ne3 Qxf4 24. Nxg4 Nxg4 25. h3 Qh2# 0-1

[Event "AUTO-OPEN-3419"]
[Site "http://www.queenalice.com/game.php?id=1335237"]
[Date "2015.1.17"]
[Round "1"]
[White "jeffeson"]
[Black "Narizinho"]
[Result "1-0"]
[WhiteElo "2075"]
[BlackElo "1337"]

1. d4 d5 2. c4 dxc4 3. e3 Nf6 4. Bxc4 Nc6 5. Nf3 Bg4 6. Qb3 e6 7. Qxb7 Na5 8.
Qb5+ Nd7 9. Qxa5 Be7 10. Nbd2 O-O 11. O-O Nf6 12. Ne5 Bf5 13. Ndf3 Ng4 14. h3
Nf6 15. Nc6 Qc8 16. Nxe7+ Kh8 17. Nxc8 Raxc8 18. b3 c6 19. Ba3 Ra8 20. Bxf8 Rxf8
21. Ne5 g6 22. f3 Ne8 23. e4 Bxe4 24. fxe4 Nd6 25. Qb4 Nxe4 26. Qxf8# 1-0

[Event "AUTO-OPEN-3419"]
[Site "http://www.queenalice.com/game.php?id=1335262"]
[Date "2015.1.17"]
[Round "1"]
[White "jeffeson"]
[Black "clovis"]
[Result "1/2-1/2"]
[WhiteElo "2067"]
[BlackElo "2026"]

1. d4 d5 2. c4 c6 3. Nc3 e6 4. Nf3 Nf6 5. Bg5 dxc4 6. e3 b5 7. Ne5 Be7 8. Qf3
Bb7 9. Be2 O-O 10. O-O Nd5 11. Bxe7 Qxe7 12. h3 f6 13. Ng4 Nxc3 14. bxc3 c5 15.
Qg3 cxd4 16. exd4 Nd7 17. Rab1 a6 18. Bxc4 Bxg2 19. Kxg2 bxc4 20. Rb7 Qe8 21.
Qd6 Rd8 22. Re1 Ne5 23. Qxa6 Nxg4 24. hxg4 Qg6 25. Qxe6+ Kh8 26. Rh1 Rde8 27.
Qf5 Qxf5 28. gxf5 Ra8 29. Rb4 Rxa2 30. Rxc4 h6 31. Kf3 Re8 32. Rg1 Ree2 33. Rg2
Rac2 34. Rc8+ Kh7 35. Rc7 Kh8 36. Rcxg7 Rxf2+ 37. Rxf2 Rxc3+ 38. Kg4 1/2-1/2

[Event "AUTO-OPEN-3419"]
[Site "http://www.queenalice.com/game.php?id=1335263"]
[Date "2015.1.17"]
[Round "1"]
[White "clovis"]
[Black "jeffeson"]
[Result "0-1"]
[WhiteElo "2062"]
[BlackElo "2051"]

1. e4 c6 2. d4 d5 3. exd5 cxd5 4. c4 Nf6 5. Nc3 Nc6 6. Nf3 Bg4 7. Bd3 Bxf3 8.
Qxf3 Nxd4 9. Qf4 dxc4 10. Be4 e6 11. Be3 Nc6 12. Bxc6+ bxc6 13. Qxc4 Rc8 14. O-O
Be7 15. Bxa7 O-O 16. a4 Qa5 17. Be3 Rb8 18. Rfb1 Rfc8 19. Ne4 Rb4 20. Nxf6+ Bxf6
21. Bd2 Rxc4 22. Bxa5 Ra8 23. Bb6 Rcxa4 24. Rxa4 Rxa4 25. b4 Be7 26. Ba5 c5 0-1

[Event "AUTO-OPEN-3419"]
[Site "http://www.queenalice.com/game.php?id=1335264"]
[Date "2015.1.17"]
[Round "1"]
[White "jeffeson"]
[Black "Michelangelo"]
[Result "1-0"]
[WhiteElo "2067"]
[BlackElo "2146"]

1. d4 Nf6 2. c4 g6 3. Nc3 d5 4. Bf4 c6 5. cxd5 Nxd5 6. Be5 Nxc3 7. bxc3 f6 8.
Bg3 Qa5 9. Qd2 Be6 10. e4 Nd7 11. Bd3 Bh6 12. f4 Nb6 13. Ne2 Nc4 14. Qc1 Na3 15.
O-O Bc4 16. Bxc4 Nxc4 17. Rf3 Nd6 18. Qc2 Qa6 19. f5 O-O-O 20. a4 Nc4 21. Nf4
gxf5 22. exf5 Qb6 23. Qe2 Qb2 24. Qe6+ Rd7 25. Re1 Nd2 26. Rd3 Qc2 27. Qe2 1-0

[Event "AUTO-OPEN-3419"]
[Site "http://www.queenalice.com/game.php?id=1335265"]
[Date "2015.1.17"]
[Round "1"]
[White "Michelangelo"]
[Black "jeffeson"]
[Result "1/2-1/2"]
[WhiteElo "2178"]
[BlackElo "2081"]

1. e4 c6 2. d4 d5 3. Nc3 dxe4 4. Nxe4 Bf5 5. Ng3 Bg6 6. Nf3 Nd7 7. h4 h6 8. h5
Bh7 9. Bd3 Bxd3 10. Qxd3 Ngf6 11. Bd2 e6 12. O-O-O Qc7 13. Be3 Bd6 14. Ne2 Ng4
15. Nc3 Ndf6 16. Ne4 Bf4 17. Nxf6+ Nxf6 18. Qd2 Nd5 19. Bxf4 Qxf4 20. Qxf4 Nxf4
21. g3 Nd5 22. Ne5 O-O 23. c4 Nf6 24. f3 Rfd8 25. g4 Rd6 26. c5 Rd5 27. Nc4 Rad8
28. Nd6 Rd7 29. Rhe1 Kf8 30. Kc2 Ne8 31. Nxe8 Kxe8 32. Kc3 Kd8 33. Rd2 Ke7 34.
a4 a5 35. Re5 f6 36. Rxd5 Rxd5 37. Kc4 Rd7 1/2-1/2

[Event "AUTO-MASTER-2230"]
[Site "http://www.queenalice.com/game.php?id=1335385"]
[Date "2015.1.17"]
[Round "1"]
[White "seega"]
[Black "jeffeson"]
[Result "1/2-1/2"]
[WhiteElo "2228"]
[BlackElo "2044"]

1. Nf3 d5 2. d4 Nf6 3. c4 c6 4. Qb3 Nbd7 5. g3 e6 6. Bg2 Bd6 7. O-O O-O 8. Nc3
Re8 9. Bg5 dxc4 10. Qxc4 e5 11. dxe5 Nxe5 12. Qh4 Nxf3+ 13. Bxf3 Be7 14. Rfd1
Qb6 15. Rd2 Be6 16. Qa4 Rad8 17. Rad1 a6 18. Be3 Qc7 19. a3 h6 20. Qc2 Rxd2 21.
Rxd2 Rd8 22. Qd1 Rxd2 23. Qxd2 Qd6 1/2-1/2

[Event "AUTO-MASTER-2230"]
[Site "http://www.queenalice.com/game.php?id=1335386"]
[Date "2015.1.17"]
[Round "1"]
[White "jeffeson"]
[Black "seega"]
[Result "0-1"]
[WhiteElo "2063"]
[BlackElo "2198"]

1. d4 Nf6 2. c4 e6 3. Nc3 Bb4 4. Qc2 Nc6 5. Nf3 d6 6. Bg5 h6 7. Bh4 g5 8. Bg3 g4
9. d5 exd5 10. cxd5 Nxd5 11. Qe4+ Be6 12. Nd2 Nxc3 13. bxc3 Bxc3 0-1

[Event "AUTO-MASTER-2230"]
[Site "http://www.queenalice.com/game.php?id=1335397"]
[Date "2015.1.17"]
[Round "1"]
[White "mandaragit"]
[Black "jeffeson"]
[Result "1-0"]
[WhiteElo "2216"]
[BlackElo "2086"]

1. e4 c5 2. Nc3 Nc6 3. f4 d6 4. Nf3 Nf6 5. Bb5 e6 6. O-O Be7 7. Bxc6+ bxc6 8. e5
Nd5 9. d3 O-O 10. Ne4 Rb8 11. b3 Qc7 12. g3 f5 13. exd6 Bxd6 14. Nxd6 Qxd6 15.
Qe2 Bd7 16. Bb2 Rbe8 17. Ne5 Nc7 18. Rae1 Nb5 19. Qf2 Nd4 20. Nc4 Qc7 21. Ba3
1-0

[Event "AUTO-MASTER-2230"]
[Site "http://www.queenalice.com/game.php?id=1335398"]
[Date "2015.1.17"]
[Round "1"]
[White "jeffeson"]
[Black "mandaragit"]
[Result "1-0"]
[WhiteElo "2087"]
[BlackElo "2306"]

1. d4 Nf6 2. c4 c5 3. Nf3 e6 4. Nc3 d5 5. Bg5 cxd4 6. Nxd4 Be7 7. cxd5 exd5 8.
e3 O-O 9. Bd3 Nc6 10. Nde2 Be6 11. O-O Qd7 12. Rc1 Rfd8 13. Bb1 Rac8 14. Nb5 h6
15. Bh4 Bf5 16. Bxf5 Qxf5 17. Nbd4 Qd7 18. a3 Ne4 19. Bxe7 Nxe7 20. Qd3 a6 21.
Rfd1 Rxc1 22. Rxc1 Rc8 23. h3 Rxc1+ 24. Nxc1 Qa4 25. Ncb3 Qd7 26. Qc2 g6 27. Nc1
Kh7 28. Nd3 Nf6 29. Ne5 Qe8 30. Qc7 Kg7 31. Qxb7 a5 32. b3 Ne4 33. Nec6 Nxc6 34.
Qxc6 Qe5 35. f4 Qh5 36. Nf3 Qf5 37. g4 Qe6 38. Qxe6 fxe6 39. Nd4 Kf6 40. Nc6 a4
41. bxa4 Nc5 42. a5 g5 43. Nb4 Ke7 44. a6 Nd7 45. a7 Nb6 46. Nc6+ Kd6 47. Ne5
Ke7 48. Kf2 1-0

[Event "AUTO-MASTER-2230"]
[Site "http://www.queenalice.com/game.php?id=1335403"]
[Date "2015.1.17"]
[Round "1"]
[White "Magogue"]
[Black "jeffeson"]
[Result "0-1"]
[WhiteElo "1547"]
[BlackElo "2085"]

1. e4 c6 2. d4 d5 3. exd5 cxd5 4. Nf3 Nf6 5. Bb5+ Bd7 6. Nc3 Bxb5 7. Nxb5 Qa5+
8. Nc3 e6 9. O-O Bd6 10. Re1 O-O 11. Bd2 Qb6 12. Na4 Qa6 13. Nc3 Nc6 14. a3 Rac8
15. b4 Qb6 16. Bg5 Be7 17. Na4 Qc7 18. c3 Ne4 19. Bxe7 Nxe7 20. Rxe4 dxe4 21.
Ng5 Qf4 22. Nh3 Qf5 23. Rc1 Nd5 24. Qd2 h6 25. Nc5 Rc7 26. c4 Nf6 27. Qf4 Rfc8
28. Qd2 b6 29. Nb3 Rxc4 30. Rxc4 Rxc4 31. Kf1 Nd5 32. Ng1 e3 0-1

[Event "AUTO-MASTER-2230"]
[Site "http://www.queenalice.com/game.php?id=1335404"]
[Date "2015.1.17"]
[Round "1"]
[White "jeffeson"]
[Black "Magogue"]
[Result "1-0"]
[WhiteElo "2079"]
[BlackElo "1535"]

1. d4 d5 2. c4 dxc4 3. Nf3 e6 4. e4 c5 5. Bxc4 cxd4 6. Qxd4 Qxd4 7. Nxd4 Bb4+ 8.
Bd2 Bxd2+ 9. Nxd2 Ne7 10. Nb5 Na6 11. Nd6+ Kf8 12. Bxa6 bxa6 13. O-O Nc6 14.
Rac1 Bd7 15. Nb3 Ke7 16. Rfd1 Rab8 17. Nc5 Rb6 18. Nxd7 Kxd7 19. Nxf7+ 1-0

[Event "Challenge"]
[Site "http://www.queenalice.com/game.php?id=1339420"]
[Date "2015.2.5"]
[Round "-"]
[White "masam2014"]
[Black "jeffeson"]
[Result "0-1"]
[WhiteElo "1601"]
[BlackElo "2065"]

1. d4 d5 2. c4 e6 3. a3 a5 4. e3 Nf6 5. cxd5 exd5 6. Nc3 c6 7. g3 Bd6 8. Bg2 O-O
9. Nge2 Nbd7 10. O-O Re8 11. f4 Nf8 12. Bd2 Bf5 13. Nc1 Ng4 14. Bf3 Nxe3 15.
Bxe3 Rxe3 16. Re1 Qe7 17. Rxe3 Qxe3+ 18. Kg2 Ne6 19. Nb3 a4 20. Qd2 Qxd2+ 21.
Nxd2 Nxd4 22. Re1 Kf8 23. Kf2 Nc2 24. Re2 Bd3 25. Nde4 dxe4 26. Bxe4 Bc5+ 27.
Kf3 Nd4+ 28. Kg4 Bxe2+ 29. Kh3 Bf1+ 30. Kg4 h5+ 31. Kxh5 f5 32. Bb1 Kf7 33. Bd3
Bh3 0-1

[Event "Challenge"]
[Site "http://www.queenalice.com/game.php?id=1358592"]
[Date "2015.5.9"]
[Round "-"]
[White "juanzv"]
[Black "jeffeson"]
[Result "1-0"]
[WhiteElo "2169"]
[BlackElo "2107"]

1. d4 Nf6 2. Bg5 Ne4 3. Bf4 d5 4. f3 Nd6 5. Nc3 c6 6. e4 e6 7. Bd3 b6 8. Qe2
dxe4 9. fxe4 Be7 10. O-O-O O-O 11. Nf3 Bb7 12. h4 Nd7 13. g4 Qc8 14. g5 a5 15.
h5 Ba6 16. Bxd6 Bxd6 17. e5 Be7 18. Qe4 1-0